LEADER 00996naa a2200229 u 4500 001 000000094450 003 CaOOAMICUS 005 20070226130138.0 008 040426s1975 it u000 u ita u 035 $a10991934 040 $aIAR$bita 100 1 $aViolante, Cinzio,$d1921-$0(OLS)http://pul/name/1223 245 12$aI laici nel movimento patarino /$cCinzio Violante. 250 $a2. ed.$briveduta e accresciuta. 260 $aMilano :$bVita e pensiero,$c1975. 300 $aS. 145-248, ;$c21 cm 650 0$aPatarines.$2//eng$0(OLS)http://pul/subject/5113 650 4$aEresie ed eretici$zItalia$yEvo medio.$0(OLS)http://pul/subject/13925 773 0 $aStudi culla cristianità medioevale : Società, istituzioni, spiritualità. 773 0 $aViolante, Cinzio.$tStudi sulla cristianità medioevale : società istituzioni spiritualità$w()12503 996 $6245$aI laici nel movimento patarino$9(OLS)http://pul/title/121318 996 $6260$aMilano :$bVita e pensiero$9(OLS)http://pul/publisher/48016 LEADER 01103nam a2200277 a 4500 001 000000136670 003 CaOOAMICUS 005 20131204103149.0 008 131204s1973 it u000 u ita r 040 $aPUL$bita 041 1 $aita$hspa 100 1 $aBorges, Jorge Luis,$d1899-1986.$0(OLS)http://pul/name/75452 240 10$aOtras inquisiciones.$lItaliano.$0(OLS)http://pul/title/172995 245 10$aAltre inquisizioni /$cJorge Luis Borges ; prefazione di Francesco Testori Montalto. 260 $aMilano :$bFeltrinelli,$c1973. 300 $a189 p. ;$c18 cm 490 1 $aUniversale economica ;$v674 700 1 $aTestori Montalto, Francesco.$0(OLS)http://pul/name/88068 830 0$aUniversale Economica ;$v674.$0(OLS)http://pul/title/12276 850 $aPUL 852 $aPUL$W1$xDP1 Fondo E. Rossi$y115$m2 F 8$j157413$qFondi$B156883$CPULBib$Z2$F156883 $82 941 1 $a1 961 $aSul dorso collocazione ms. di E. Rossi: VI 7 996 $6245$aAltre inquisizioni$9(OLS)http://pul/title/172996 996 $6260$aMilano :$bFeltrinelli$9(OLS)http://pul/publisher/48846